| 000 | 00000nam 2200000zi 4500 |
| 001 | 9.945091 |
| 003 | CaOODSP |
| 005 | 20250131154818 |
| 006 | m o d f |
| 007 | cr cn |||||||| |
| 008 | 241112t20252025qucd obs f000 0 fre d |
| 020 | |a9780660744599 |
| 040 | |aCaOODSP|bfre|erda|cCaOODSP |
| 043 | |an-cn--- |
| 086 | 1 |aEn4-144/83-2024F-PDF |
| 245 | 00|aIndicateurs canadiens de durabilité de l'environnement : |bchangement de statut des espèces sauvages en péril. |
| 246 | 30|aChangement de statut des espèces sauvages en péril |
| 250 | |a[Édition de janvier 2025]. |
| 264 | 1|aGatineau (Québec) : |bEnvironnement et changement climatique Canada = Environment and Climate Change Canada, |cjanvier 2025. |
| 264 | 4|c©2025 |
| 300 | |a1 ressource en ligne (14 pages) : |bgraphiques |
| 336 | |atexte|btxt|2rdacontent/fre |
| 337 | |ainformatique|bc|2rdamedia/fre |
| 338 | |aressource en ligne|bcr|2rdacarrier/fre |
| 500 | |aPublié aussi en anglais sous le titre : Canadian environmental sustainability indicators : changes in the status of wildlife species at risk. |
| 504 | |aComprend des références bibliographiques. |
| 650 | 6|aEspèces en voie de disparition|zCanada|vStatistiques. |
| 650 | 6|aIndicateurs écologiques|zCanada. |
| 655 | 7|aStatistiques|2rvmgf |
| 710 | 1 |aCanada. |bEnvironnement et changement climatique Canada, |eorganisme de publication. |
| 775 | 08|tCanadian environmental sustainability indicators : |w(CaOODSP)9.945092 |
| 795 | |tIndicateurs canadiens de durabilité de l'environnement : |b[Édition de décembre 2023]|w(CaOODSP)9.929441 |
| 856 | 40|qPDF|s392 Ko|uhttps://publications.gc.ca/collections/collection_2025/eccc/en4/En4-144-83-2024-fra.pdf |
| 856 | 4 |qHTML|sS.O.|uhttps://www.canada.ca/fr/environnement-changement-climatique/services/indicateurs-environnementaux/changement-statut-especes-sauvages-peril.html |